|
|
|
|
| LEADER |
00000nam a2200000 4500 |
| 001 |
vtls012233236 |
| 003 |
SK-MaSNL |
| 005 |
20260301081228.0 |
| 008 |
230619s1530 fr a f 00000 lat |
| 015 |
|
|
|a SNBHFA
|
| 040 |
|
|
|a SNKHF
|b slo
|c SNKHF
|e rda
|
| 041 |
0 |
|
|a lat
|
| 044 |
|
|
|a fr
|c FR
|
| 072 |
|
7 |
|a 2-23/-27
|x Biblia. Biblistika
|2 konspekt
|
| 080 |
|
|
|a 2-272
|2 2001
|
| 100 |
0 |
|
|a Juan de Segovia,
|d narodený asi 1393-1458
|4 aut
|9 317595
|
| 245 |
1 |
0 |
|a Concordantiae uocum Indeclinabilivm totius Bibliae. Adiecto illis insignium Factorum catalogo utriusqȝ Testamenti
|
| 264 |
|
3 |
|a Argent.
|b In Aedibvs Ioannis Schotti
|c tertia Septembris, Anno Christiannae salutis MDXXX (1530)
|
| 300 |
|
|
|a AA6-MM6, NN4, OO6, 82 listov
|c 30 cm
|
| 336 |
|
|
|a text
|b txt
|2 rdacontent
|
| 337 |
|
|
|a bez média
|b n
|2 rdamedia
|
| 338 |
|
|
|a zväzok
|b nc
|2 rdacarrier
|
| 500 |
|
|
|a Trojstĺpcová tlač
|
| 501 |
|
|
|a Príväzok 1. k: CONDRADUS von HALBERSTADT. Concordantiae Maiores Bibliae ... Argent. : In Aedibvs Ioannis Schotti, tertia Septembris, Anno Christianae salutis MDXXX (1530).
|5 SNK IB 38226/1-2
|
| 510 |
4 |
|
|a SVK Brno
|c VII/165
|
| 510 |
4 |
|
|a VD 16
|c 4907
|
| 546 |
|
|
|a Latinský text
|
| 550 |
|
|
|a Tlačiarenské údaje prevzaté z kolofónu
|
| 650 |
0 |
7 |
|a biblické konkordancie
|2 SNKPH
|9 77004
|
| 700 |
1 |
|
|a Schott, Johann,
|d 1477-1548
|4 com
|4 prt
|9 130530
|
| 752 |
|
|
|a Francúzsko
|d Štrasburg
|
| 852 |
|
|
|a snk
|b Historické fondy
|p IB 38236/1-2/prív.1
|
| 958 |
|
|
|a ONDV
|
| 958 |
|
|
|a DA
|
| 999 |
|
|
|c 655321
|d 657251
|
| 952 |
|
|
|t Tlače 16. storočia
|a SNK
|b SNK
|c SNK_HF
|y PREZ
|7 0
|p 17A1485809
|o snkIB 38236/1-2/prív.1
|i snkF 1258/78
|8 5
|0 0
|1 0
|4 0
|d 2023-06-19
|l 0
|r 2026-02-23 18:35:03
|w 2026-02-23
|